Capitalism and the information age : The political economy of the global communication revolution (Record no. 41806)

MARC details
000 -LEADER
fixed length control field 00363nam a2200109Ia 4500
082 ## - DEWEY DECIMAL CLASSIFICATION NUMBER
Classification number 330.342.14
Item number McC
100 ## - MAIN ENTRY--AUTHOR NAME
Personal name McChesney, Robert W
245 #0 - TITLE STATEMENT
Title Capitalism and the information age : The political economy of the global communication revolution
260 ## - PUBLICATION, DISTRIBUTION, ETC. (IMPRINT)
Place of publication New York
Name of publisher Monthly Reviews Press
Year of publication 1998
942 ## - ADDED ENTRY ELEMENTS (KOHA)
Koha item type Books
Holdings
Withdrawn status Lost status Damaged status Not for loan Home library Current library Date acquired Full call number Accession Number Koha item type
        RRII Library RRII Library 16/12/2021 330.342.14 McC 22092 Books